00559 2200205 4500001002100000005001500021035002000036245007500056100000800131250000600139300003200145700001900177260003600196082000800232084001400240020002100254600002000275008004100295990001700336INLIS00000000000171420241024085617 a0010-10240000121 aSeri Komik Islami :bpengen jadi baik 7 /cSqu, Layout; Muhammad Fadli0 aSqu a- a159 hlm. :bilus. ;c23 cm.0 aMuhammad Fadli a[ s.i ] :bWake Up Early,c2021 a813 a813 SQU s a978-62-1258-93-4 4aFiksi Indonesia241024 0  a05304/P/2024